Statistics for Countries with Most Billionaires per Capita by Size

Click here to take the quiz!

General Stats

  • This quiz has been taken 23 times
  • The average score is 16 of 20

Answer Stats

#Country% Correct
0.25China
100%
1.46Germany
95%
2.99Sweden
95%
1.85United States
95%
1.13Canada
89%
0.21Japan
89%
4.57Singapore
89%
4.04Switzerland
89%
0.21Brazil
84%
78.74Monaco
84%
2.23Norway
84%
0.86Russia
84%
1.56Taiwan
84%
1.23Australia
79%
25.71Liechtenstein
79%
3.16Israel
74%
1.80Ireland
68%
3.85Malta
47%
9.01Cyprus
32%
37.04St. Kitts and Nevis
32%

Score Distribution

Percentile by Number Answered

Percent of People with Each Score

Your Score History

You have not taken this quiz